[Event "Deutsche Ländermeisterschaft 2017"]
[Site "Hannover GER"]
[Date "2017.10.01"]
[Round "2"]
[White "Sieber, Fiona"]
[Black "Hess, Max"]
[Result "0-1"]
[Termination "normal"]
[Board "5.1"]
[WhiteTitle "WFM"]
[WhiteElo "2248"]
[BlackElo "2251"]
[WhiteClock "00:02:41"]
[BlackClock "00:09:53"]
[WhiteTeam "Sachsen-Anhalt"]
[BlackTeam "Bayern"]
[PlyCount "116"]
[WhiteFideId "12902373"]
[BlackFideId "24656666"]
[EventCountry "GER"]
[EventRounds "7"]
[EventType "team-swiss"]
[EventDate "2017.09.29"]

1. e4 {[%clk 1:30:57]} e5 {[%clk 1:30:52]} 2. Nf3 {[%clk 1:31:23]} Nc6 {[%clk
1:31:14]} 3. Bb5 {[%clk 1:31:19]} g6 {[%clk 1:31:31]} 4. d4 {[%clk 1:28:59]}
exd4 {[%clk 1:31:54]} 5. Bg5 {[%clk 1:24:47]} Be7 {[%clk 1:31:57]} 6. Bf4
{[%clk 1:20:55]} Nf6 {[%clk 1:23:55]} 7. O-O {[%clk 1:10:15]} Nxe4 {[%clk
1:11:31]} 8. Re1 {[%clk 1:02:15]} Nc5 {[%clk 1:05:05]} 9. Bxc6 {[%clk 0:32:33]}
dxc6 {[%clk 1:04:06]} 10. Qxd4 {[%clk 0:27:30]} Qxd4 {[%clk 0:57:39]} 11. Nxd4
{[%clk 0:27:53]} Ne6 {[%clk 0:55:51]} 12. Nxe6 {[%clk 0:27:29]} Bxe6 {[%clk
0:56:14]} 13. Bxc7 {[%clk 0:27:45]} Bf6 {[%clk 0:52:35]} 14. Nc3 {[%clk
0:26:06]} Bxc3 {[%clk 0:41:24]} 15. bxc3 {[%clk 0:26:30]} O-O {[%clk 0:41:20]}
16. a3 {[%clk 0:17:11]} Rfe8 {[%clk 0:38:52]} 17. Red1 {[%clk 0:08:35]} Bd5
{[%clk 0:36:14]} 18. Rd2 {[%clk 0:07:21]} Re4 {[%clk 0:35:22]} 19. f3 {[%clk
0:05:08]} Re3 {[%clk 0:33:18]} 20. Rd3 {[%clk 0:01:32]} Re2 {[%clk 0:33:29]}
21. Rc1 {[%clk 0:02:00]} Rae8 {[%clk 0:33:14]} 22. Bg3 {[%clk 0:02:02]} g5
{[%clk 0:26:12]} 23. Bf2 {[%clk 0:02:09]} a5 {[%clk 0:25:05]} 24. Rd4 {[%clk
0:02:10]} b5 {[%clk 0:19:04]} 25. h4 {[%clk 0:02:19]} h6 {[%clk 0:18:14]} 26.
Rg4 {[%clk 0:01:17]} f5 {[%clk 0:17:32]} 27. Rd4 {[%clk 0:00:57]} a4 {[%clk
0:16:31]} 28. hxg5 {[%clk 0:00:41]} hxg5 {[%clk 0:16:45]} 29. Kf1 {[%clk
0:01:11]} Bc4 {[%clk 0:16:48]} 30. Kg1 {[%clk 0:01:40]} R8e6 {[%clk 0:12:46]}
31. Rd8+ {[%clk 0:01:49]} Kf7 {[%clk 0:12:48]} 32. Rd7+ Kg6 {[%clk 0:12:53]}
33. Rd4 {[%clk 0:01:32]} f4 {[%clk 0:10:53]} 34. Rdd1 {[%clk 0:01:51]} Kf5
{[%clk 0:09:15]} 35. Rd8 {[%clk 0:01:57]} Bd5 {[%clk 0:07:19]} 36. Rf8+ {[%clk
0:02:00]} Kg6 {[%clk 0:06:06]} 37. Rg8+ {[%clk 0:02:25]} Kh6 {[%clk 0:05:11]}
38. Rh8+ {[%clk 0:02:41]} Kg7 {[%clk 0:04:59]} 39. Bd4+ {[%clk 0:03:06]} Kf7
{[%clk 0:05:26]} 40. Rh7+ {[%clk 0:02:22]} Kg6 {[%clk 0:02:54]} 41. Rg7+ {[%clk
0:18:21]} Kh6 {[%clk 0:32:33]} 42. Rd7 {[%clk 0:13:19]} Rd2 {[%clk 0:27:07]}
43. Bg7+ {[%clk 0:11:58]} Kg6 {[%clk 0:26:34]} 44. c4 {[%clk 0:12:14]} bxc4
{[%clk 0:22:57]} 45. Bc3 {[%clk 0:12:38]} Rde2 {[%clk 0:22:59]} 46. Rg7+ {[%clk
0:10:37]} Kh6 {[%clk 0:23:18]} 47. Ra7 {[%clk 0:10:47]} g4 {[%clk 0:22:04]} 48.
Rxa4 {[%clk 0:05:52]} gxf3 {[%clk 0:21:12]} 49. gxf3 {[%clk 0:06:11]} R6e3
{[%clk 0:17:57]} 50. Bd4 {[%clk 0:05:31]} Rxf3 {[%clk 0:18:06]} 51. Ra8 {[%clk
0:05:02]} c3 {[%clk 0:11:21]} 52. Rh8+ {[%clk 0:03:17]} Kg5 {[%clk 0:10:55]}
53. a4 {[%clk 0:02:22]} Rg3+ {[%clk 0:10:08]} 54. Kf1 {[%clk 0:02:48]} Re4
{[%clk 0:10:18]} 55. Rd1 {[%clk 0:02:12]} Bc4+ {[%clk 0:10:12]} 56. Kf2 {[%clk
0:02:01]} Re2+ {[%clk 0:10:36]} 57. Kf1 {[%clk 0:02:26]} Rxc2+ {[%clk 0:10:25]}
58. Ke1 {[%clk 0:02:41]} Rf3 {[%clk 0:09:53]} 0-1

[Event "Deutsche Ländermeisterschaft 2017"]
[Site "Hannover GER"]
[Date "2017.10.01"]
[Round "2"]
[White "Oberhofer, Cédric"]
[Black "Roseneck, Jonas"]
[Result "0-1"]
[Termination "normal"]
[Board "5.2"]
[WhiteElo "2229"]
[BlackElo "2179"]
[WhiteClock "00:31:18"]
[BlackClock "01:14:13"]
[WhiteTeam "Bayern"]
[BlackTeam "Sachsen-Anhalt"]
[PlyCount "92"]
[WhiteFideId "12941220"]
[BlackFideId "12939870"]
[EventCountry "GER"]
[EventRounds "7"]
[EventType "team-swiss"]
[EventDate "2017.09.29"]

1. e4 {[%clk 1:30:58]} c5 {[%clk 1:30:51]} 2. Nf3 {[%clk 1:31:23]} d6 {[%clk
1:31:04]} 3. d4 {[%clk 1:31:48]} cxd4 {[%clk 1:31:29]} 4. Nxd4 {[%clk 1:32:13]}
Nf6 {[%clk 1:31:51]} 5. Nc3 {[%clk 1:32:38]} a6 {[%clk 1:32:18]} 6. f4 {[%clk
1:32:42]} e5 {[%clk 1:32:28]} 7. Nb3 {[%clk 1:33:04]} Nbd7 {[%clk 1:32:01]} 8.
g4 {[%clk 1:33:21]} d5 {[%clk 1:30:20]} 9. exd5 {[%clk 1:22:42]} Nb6 {[%clk
1:29:27]} 10. g5 {[%clk 1:20:01]} Nfxd5 {[%clk 1:29:51]} 11. Nxd5 {[%clk
1:15:16]} Nxd5 {[%clk 1:30:14]} 12. fxe5 {[%clk 1:13:54]} Be6 {[%clk 1:30:09]}
13. Bg2 {[%clk 1:08:41]} Be7 {[%clk 1:25:25]} 14. O-O {[%clk 0:56:12]} Bxg5
{[%clk 1:23:34]} 15. Bxg5 {[%clk 0:50:55]} Qxg5 {[%clk 1:23:37]} 16. Qd2 {[%clk
0:49:38]} Ne3 {[%clk 1:18:16]} 17. Rfe1 {[%clk 0:49:06]} Qxg2+ {[%clk 1:17:59]}
18. Qxg2 {[%clk 0:49:31]} Nxg2 {[%clk 1:18:24]} 19. Kxg2 {[%clk 0:49:59]} Bxb3
{[%clk 1:06:01]} 20. axb3 {[%clk 0:49:27]} Rc8 {[%clk 1:05:13]} 21. c3 {[%clk
0:45:17]} Ke7 {[%clk 1:05:27]} 22. Rad1 {[%clk 0:42:35]} Rhd8 {[%clk 1:05:29]}
23. Kf3 {[%clk 0:38:47]} Rxd1 {[%clk 1:01:46]} 24. Rxd1 {[%clk 0:39:16]} Rd8
{[%clk 1:02:06]} 25. Rd4 {[%clk 0:23:30]} Rxd4 {[%clk 0:57:28]} 26. cxd4 {[%clk
0:23:59]} f6 {[%clk 0:57:52]} 27. Ke4 {[%clk 0:22:21]} a5 {[%clk 0:46:12]} 28.
d5 {[%clk 0:18:04]} fxe5 {[%clk 0:46:34]} 29. Kxe5 {[%clk 0:18:32]} b5 {[%clk
0:39:21]} 30. d6+ {[%clk 0:09:54]} Kd7 {[%clk 0:39:19]} 31. Kd5 {[%clk
0:07:35]} g5 {[%clk 0:38:50]} 32. Ke5 {[%clk 0:04:04]} g4 {[%clk 0:39:07]} 33.
b4 {[%clk 0:01:00]} a4 {[%clk 0:39:12]} 34. Kd5 {[%clk 0:00:59]} h5 {[%clk
0:39:26]} 35. Ke5 {[%clk 0:01:26]} h4 {[%clk 0:39:53]} 36. Kf4 {[%clk 0:01:52]}
g3 {[%clk 0:40:20]} 37. hxg3 {[%clk 0:02:17]} hxg3 {[%clk 0:40:48]} 38. Kxg3
{[%clk 0:02:42]} Kxd6 {[%clk 0:41:16]} 39. Kf3 {[%clk 0:01:33]} Kd5 {[%clk
0:41:41]} 40. Ke3 {[%clk 0:01:40]} Kc4 {[%clk 0:42:07]} 41. Kd2 {[%clk
0:02:00]} Kxb4 {[%clk 0:42:29]} 42. Kc2 {[%clk 0:01:44]} Kc4 {[%clk 0:42:38]}
43. b3+ {[%clk 0:29:58]} axb3+ {[%clk 1:13:04]} 44. Kb2 {[%clk 0:30:25]} Kb4
{[%clk 1:13:31]} 45. Kb1 {[%clk 0:30:53]} Kc3 {[%clk 1:13:59]} 46. Kc1 {[%clk
0:31:18]} b2+ {[%clk 1:14:13]} 0-1

[Event "Deutsche Ländermeisterschaft 2017"]
[Site "Hannover GER"]
[Date "2017.10.01"]
[Round "2"]
[White "Biastoch, Bennet"]
[Black "Goldbeck, Lars"]
[Result "1-0"]
[Termination "normal"]
[Board "5.3"]
[WhiteElo "2120"]
[BlackElo "2178"]
[WhiteClock "00:21:06"]
[BlackClock "00:29:02"]
[WhiteTeam "Sachsen-Anhalt"]
[BlackTeam "Bayern"]
[PlyCount "100"]
[WhiteFideId "12939889"]
[BlackFideId "16208188"]
[EventCountry "GER"]
[EventRounds "7"]
[EventType "team-swiss"]
[EventDate "2017.09.29"]

1. e4 {[%clk 1:30:57]} c5 {[%clk 1:30:53]} 2. Nf3 {[%clk 1:31:22]} d6 {[%clk
1:31:19]} 3. d4 {[%clk 1:31:43]} cxd4 {[%clk 1:31:48]} 4. Nxd4 {[%clk 1:32:03]}
Nf6 {[%clk 1:32:13]} 5. Nc3 {[%clk 1:32:24]} a6 {[%clk 1:32:37]} 6. Be3 {[%clk
1:32:44]} e5 {[%clk 1:33:03]} 7. Nb3 {[%clk 1:32:47]} Be7 {[%clk 1:33:25]} 8.
f3 {[%clk 1:32:37]} Be6 {[%clk 1:33:50]} 9. Qd2 {[%clk 1:32:38]} O-O {[%clk
1:34:13]} 10. O-O-O {[%clk 1:32:48]} a5 {[%clk 1:34:39]} 11. Bb5 {[%clk
1:32:22]} Na6 {[%clk 1:34:20]} 12. Qe2 {[%clk 1:31:16]} Nc7 {[%clk 1:31:24]}
13. Kb1 {[%clk 1:20:26]} Qc8 {[%clk 1:17:14]} 14. a4 {[%clk 0:52:46]} Nxb5
{[%clk 1:17:13]} 15. Nxb5 {[%clk 0:50:50]} Bc4 {[%clk 1:11:04]} 16. Qd2 {[%clk
0:42:15]} d5 {[%clk 1:09:10]} 17. Bg5 {[%clk 0:33:49]} Bb4 {[%clk 0:59:13]} 18.
Qf2 {[%clk 0:29:37]} Bxb5 {[%clk 0:48:55]} 19. Bxf6 {[%clk 0:21:03]} gxf6
{[%clk 0:49:09]} 20. axb5 {[%clk 0:20:28]} a4 {[%clk 0:49:01]} 21. Nc1 {[%clk
0:18:35]} a3 {[%clk 0:46:50]} 22. c3 {[%clk 0:16:24]} axb2 {[%clk 0:42:13]} 23.
cxb4 {[%clk 0:16:20]} bxc1=Q+ {[%clk 0:42:11]} 24. Rxc1 {[%clk 0:16:39]} Qd7
{[%clk 0:41:20]} 25. Qg3+ {[%clk 0:06:14]} Kh8 {[%clk 0:41:44]} 26. Qh4 {[%clk
0:05:50]} Qd6 {[%clk 0:41:36]} 27. exd5 {[%clk 0:05:48]} Ra4 {[%clk 0:41:04]}
28. Rc5 {[%clk 0:03:08]} b6 {[%clk 0:40:52]} 29. Rc4 {[%clk 0:03:26]} Rfa8
{[%clk 0:34:55]} 30. Rhc1 {[%clk 0:03:35]} Ra1+ {[%clk 0:30:09]} 31. Kb2 {[%clk
0:03:52]} R1a2+ {[%clk 0:26:17]} 32. Kb1 {[%clk 0:04:15]} Rxg2 {[%clk 0:25:57]}
33. Rc8+ {[%clk 0:03:49]} Rxc8 {[%clk 0:24:34]} 34. Rxc8+ {[%clk 0:04:17]} Kg7
{[%clk 0:25:03]} 35. Rc6 {[%clk 0:03:32]} Qd8 {[%clk 0:22:58]} 36. Qe4 {[%clk
0:02:06]} Qa8 {[%clk 0:15:13]} 37. Rc2 {[%clk 0:01:51]} Rg1+ {[%clk 0:14:38]}
38. Rc1 {[%clk 0:02:05]} Rg5 {[%clk 0:13:57]} 39. h4 {[%clk 0:01:31]} Rg6
{[%clk 0:14:10]} 40. h5 {[%clk 0:01:38]} Rg2 {[%clk 0:04:45]} 41. h6+ {[%clk
0:25:41]} Kxh6 {[%clk 0:32:59]} 42. Rh1+ {[%clk 0:26:03]} Kg7 {[%clk 0:33:26]}
43. Qxh7+ {[%clk 0:26:23]} Kf8 {[%clk 0:33:55]} 44. Qh6+ {[%clk 0:26:30]} Rg7
{[%clk 0:31:54]} 45. Rg1 {[%clk 0:26:40]} Qxd5 {[%clk 0:29:05]} 46. Qxg7+
{[%clk 0:26:14]} Ke7 {[%clk 0:29:34]} 47. Qg4 {[%clk 0:22:22]} f5 {[%clk
0:28:44]} 48. Qg5+ {[%clk 0:21:29]} Ke6 {[%clk 0:28:38]} 49. Qh6+ {[%clk
0:20:53]} f6 {[%clk 0:29:01]} 50. Qe3 {[%clk 0:21:06]} f4 {[%clk 0:29:02]} 1-0

[Event "Deutsche Ländermeisterschaft 2017"]
[Site "Hannover GER"]
[Date "2017.10.01"]
[Round "2"]
[White "Dietz, Florian"]
[Black "Braun, Kristin"]
[Result "1-0"]
[Termination "normal"]
[Board "5.5"]
[WhiteElo "2026"]
[BlackElo "1834"]
[WhiteClock "01:07:30"]
[BlackClock "00:00:55"]
[WhiteTeam "Sachsen-Anhalt"]
[BlackTeam "Bayern"]
[PlyCount "55"]
[WhiteFideId "12939897"]
[BlackFideId "24656534"]
[EventCountry "GER"]
[EventRounds "7"]
[EventType "team-swiss"]
[EventDate "2017.09.29"]

1. e4 {[%clk 1:30:55]} c5 {[%clk 1:30:55]} 2. Nf3 {[%clk 1:31:15]} d6 {[%clk
1:31:22]} 3. d4 {[%clk 1:31:39]} cxd4 {[%clk 1:31:36]} 4. Nxd4 {[%clk 1:32:04]}
Nf6 {[%clk 1:32:03]} 5. Nc3 {[%clk 1:32:25]} g6 {[%clk 1:32:25]} 6. Be3 {[%clk
1:32:30]} Bg7 {[%clk 1:32:45]} 7. Bc4 {[%clk 1:32:03]} Nc6 {[%clk 1:32:13]} 8.
f3 {[%clk 1:31:28]} O-O {[%clk 1:32:35]} 9. Qd2 {[%clk 1:31:01]} Bd7 {[%clk
1:32:55]} 10. O-O-O {[%clk 1:31:26]} Rc8 {[%clk 1:32:55]} 11. Bb3 {[%clk
1:31:50]} Ne5 {[%clk 1:33:07]} 12. Kb1 {[%clk 1:32:04]} a6 {[%clk 1:31:43]} 13.
h4 {[%clk 1:31:17]} h5 {[%clk 1:30:59]} 14. Bh6 {[%clk 1:28:42]} Kh7 {[%clk
1:24:14]} 15. Bxg7 {[%clk 1:28:20]} Kxg7 {[%clk 1:24:13]} 16. Nd5 {[%clk
1:20:38]} Nxd5 {[%clk 1:05:49]} 17. Bxd5 {[%clk 1:20:28]} Qb6 {[%clk 0:51:39]}
18. g4 {[%clk 1:14:31]} hxg4 {[%clk 0:49:06]} 19. h5 {[%clk 1:14:45]} Rh8
{[%clk 0:46:12]} 20. hxg6 {[%clk 1:15:02]} f6 {[%clk 0:36:06]} 21. Rh7+ {[%clk
1:09:49]} Rxh7 {[%clk 0:35:45]} 22. gxh7 {[%clk 1:10:14]} Rh8 {[%clk 0:06:25]}
23. Bg8 {[%clk 1:10:19]} Rxg8 {[%clk 0:04:00]} 24. hxg8=Q+ {[%clk 1:10:38]}
Kxg8 {[%clk 0:04:27]} 25. fxg4 {[%clk 1:09:28]} Bxg4 {[%clk 0:03:46]} 26. Rh1
{[%clk 1:08:39]} Nf3 {[%clk 0:01:44]} 27. Qh6 {[%clk 1:07:15]} Ne5 {[%clk
0:00:55]} 28. Qh8+ {[%clk 1:07:30]} 1-0

[Event "Deutsche Ländermeisterschaft 2017"]
[Site "Hannover GER"]
[Date "2017.10.01"]
[Round "2"]
[White "Alferova, Ekaterina"]
[Black "Dietz, Kristin"]
[Result "1-0"]
[Termination "normal"]
[Board "5.6"]
[WhiteElo "1515"]
[BlackElo "1675"]
[WhiteClock "00:13:58"]
[BlackClock "00:30:31"]
[WhiteTeam "Bayern"]
[BlackTeam "Sachsen-Anhalt"]
[PlyCount "125"]
[WhiteFideId "16217250"]
[BlackFideId "12993743"]
[EventCountry "GER"]
[EventRounds "7"]
[EventType "team-swiss"]
[EventDate "2017.09.29"]

1. d4 {[%clk 1:30:58]} Nf6 {[%clk 1:30:49]} 2. Nf3 {[%clk 1:31:19]} c5 {[%clk
1:30:27]} 3. c3 {[%clk 1:30:51]} e6 {[%clk 1:30:06]} 4. e3 {[%clk 1:30:27]} d5
{[%clk 1:28:54]} 5. Bd3 {[%clk 1:29:53]} Nc6 {[%clk 1:28:38]} 6. Nbd2 {[%clk
1:29:18]} b6 {[%clk 1:26:14]} 7. O-O {[%clk 1:29:16]} Bd6 {[%clk 1:25:46]} 8.
Qe2 {[%clk 1:24:16]} Bb7 {[%clk 1:21:56]} 9. e4 {[%clk 1:15:18]} dxe4 {[%clk
1:17:41]} 10. Nxe4 {[%clk 1:15:05]} cxd4 {[%clk 1:12:39]} 11. Nxf6+ {[%clk
1:13:49]} gxf6 {[%clk 1:12:23]} 12. Nxd4 {[%clk 1:12:42]} Nxd4 {[%clk 1:12:12]}
13. cxd4 {[%clk 1:12:47]} f5 {[%clk 1:10:08]} 14. Bxf5 {[%clk 1:00:54]} Rg8
{[%clk 1:04:37]} 15. g3 {[%clk 0:39:18]} Qh4 {[%clk 0:56:34]} 16. Re1 {[%clk
0:34:19]} O-O-O {[%clk 0:48:24]} 17. Be4 {[%clk 0:30:16]} Bxe4 {[%clk 0:25:36]}
18. Qxe4 {[%clk 0:30:35]} Qxe4 {[%clk 0:25:15]} 19. Rxe4 {[%clk 0:30:57]} Be7
{[%clk 0:22:24]} 20. Bf4 {[%clk 0:29:26]} Rd5 {[%clk 0:19:20]} 21. Rc1+ {[%clk
0:29:09]} Kd8 {[%clk 0:19:18]} 22. Rc7 {[%clk 0:20:44]} Rd7 {[%clk 0:19:44]}
23. Rc6 {[%clk 0:18:16]} Bg5 {[%clk 0:16:24]} 24. Kf1 {[%clk 0:13:48]} Bxf4
{[%clk 0:16:38]} 25. Rxf4 {[%clk 0:14:02]} Rg5 {[%clk 0:16:40]} 26. Ke2 {[%clk
0:12:39]} Rh5 {[%clk 0:16:03]} 27. h4 {[%clk 0:12:21]} Rhd5 {[%clk 0:15:30]}
28. Ke3 {[%clk 0:10:46]} Ke7 {[%clk 0:15:45]} 29. Re4 {[%clk 0:08:05]} Kd8
{[%clk 0:15:06]} 30. Rc4 {[%clk 0:07:17]} Ke7 {[%clk 0:13:31]} 31. Re5 {[%clk
0:06:04]} Kd8 {[%clk 0:13:51]} 32. Rxd5 {[%clk 0:05:45]} Rxd5 {[%clk 0:13:31]}
33. Ra4 {[%clk 0:05:07]} a5 {[%clk 0:13:19]} 34. b4 {[%clk 0:04:01]} axb4
{[%clk 0:12:29]} 35. Rxb4 {[%clk 0:04:26]} b5 {[%clk 0:12:21]} 36. Rb2 {[%clk
0:04:01]} Kd7 {[%clk 0:12:00]} 37. Rc2 {[%clk 0:04:01]} Kd6 {[%clk 0:11:39]}
38. g4 {[%clk 0:02:28]} b4 {[%clk 0:10:15]} 39. f3 {[%clk 0:01:36]} Ra5 {[%clk
0:09:56]} 40. Ke4 {[%clk 0:00:44]} f5+ {[%clk 0:09:20]} 41. Kf4 {[%clk
0:29:39]} fxg4 {[%clk 0:38:24]} 42. fxg4 {[%clk 0:29:38]} Rd5 {[%clk 0:36:56]}
43. Ke4 {[%clk 0:29:11]} Rb5 {[%clk 0:35:53]} 44. Rb2 {[%clk 0:27:57]} h6
{[%clk 0:35:27]} 45. Rg2 {[%clk 0:23:21]} Ke7 {[%clk 0:34:55]} 46. g5 {[%clk
0:22:55]} hxg5 {[%clk 0:35:14]} 47. Rxg5 {[%clk 0:19:45]} Rb8 {[%clk 0:34:49]}
48. h5 {[%clk 0:18:53]} Ra8 {[%clk 0:34:10]} 49. Rg2 {[%clk 0:18:28]} Rh8
{[%clk 0:33:50]} 50. Rh2 {[%clk 0:18:42]} Kd6 {[%clk 0:33:14]} 51. h6 {[%clk
0:18:47]} Rh7 {[%clk 0:33:11]} 52. Kd3 {[%clk 0:17:33]} Kd7 {[%clk 0:30:49]}
53. Kc4 {[%clk 0:17:31]} Kc6 {[%clk 0:31:06]} 54. Kxb4 {[%clk 0:16:59]} Kb6
{[%clk 0:29:58]} 55. a4 {[%clk 0:16:39]} Kc6 {[%clk 0:30:19]} 56. Rh5 {[%clk
0:15:37]} Kb6 {[%clk 0:30:16]} 57. a5+ {[%clk 0:15:27]} Ka6 {[%clk 0:30:24]}
58. Kc5 {[%clk 0:15:04]} Kxa5 {[%clk 0:30:27]} 59. Kd6+ {[%clk 0:15:25]} Kb6
{[%clk 0:30:51]} 60. Kxe6 {[%clk 0:15:37]} Kc7 {[%clk 0:30:21]} 61. Kf6 {[%clk
0:14:19]} Kd7 {[%clk 0:30:09]} 62. Kg6 {[%clk 0:14:27]} Rh8 {[%clk 0:30:31]}
63. h7 {[%clk 0:13:58]} 1-0

[Event "Deutsche Ländermeisterschaft 2017"]
[Site "Hannover GER"]
[Date "2017.10.01"]
[Round "2"]
[White "Stowicek, Yara Mathilda"]
[Black "Butenandt, Svenja"]
[Result "0-1"]
[Termination "normal"]
[Board "5.7"]
[WhiteElo "1508"]
[BlackElo "1585"]
[WhiteClock "00:41:35"]
[BlackClock "00:38:05"]
[WhiteTeam "Sachsen-Anhalt"]
[BlackTeam "Bayern"]
[PlyCount "52"]
[WhiteFideId "16203569"]
[BlackFideId "12993859"]
[EventCountry "GER"]
[EventRounds "7"]
[EventType "team-swiss"]
[EventDate "2017.09.29"]

1. e4 {[%clk 1:30:58]} c5 {[%clk 1:30:51]} 2. Nf3 {[%clk 1:31:19]} d6 {[%clk
1:31:17]} 3. d4 {[%clk 1:31:35]} cxd4 {[%clk 1:31:40]} 4. Nxd4 {[%clk 1:31:57]}
Nf6 {[%clk 1:32:04]} 5. Nc3 {[%clk 1:32:11]} e6 {[%clk 1:32:26]} 6. Be3 {[%clk
1:31:46]} a6 {[%clk 1:32:42]} 7. Bd3 {[%clk 1:31:43]} b5 {[%clk 1:32:56]} 8. a3
{[%clk 1:27:30]} Bb7 {[%clk 1:32:32]} 9. f3 {[%clk 1:27:20]} Qc7 {[%clk
1:31:33]} 10. O-O {[%clk 1:21:40]} Be7 {[%clk 1:30:59]} 11. Qe2 {[%clk
1:18:54]} O-O {[%clk 1:30:53]} 12. f4 {[%clk 1:16:54]} Nbd7 {[%clk 1:29:58]}
13. Rae1 {[%clk 1:12:33]} Rac8 {[%clk 1:27:43]} 14. Qf3 {[%clk 1:06:34]} Rfe8
{[%clk 1:15:56]} 15. Qg3 {[%clk 1:04:27]} Bf8 {[%clk 1:13:32]} 16. e5 {[%clk
1:00:55]} dxe5 {[%clk 1:12:04]} 17. fxe5 {[%clk 1:00:52]} Qxe5 {[%clk 1:07:52]}
18. Qh4 {[%clk 0:55:33]} Qh5 {[%clk 0:58:44]} 19. Qxh5 {[%clk 0:52:36]} Nxh5
{[%clk 0:59:06]} 20. g4 {[%clk 0:52:18]} Nhf6 {[%clk 0:59:07]} 21. h3 {[%clk
0:52:02]} Bxa3 {[%clk 0:54:29]} 22. Ncxb5 {[%clk 0:48:57]} Bb4 {[%clk 0:47:12]}
23. c3 {[%clk 0:45:50]} Bc5 {[%clk 0:45:39]} 24. b4 {[%clk 0:44:28]} Bf8 {[%clk
0:38:32]} 25. Na3 {[%clk 0:43:14]} Rxc3 {[%clk 0:38:26]} 26. Nac2 {[%clk
0:41:35]} Rxd3 {[%clk 0:38:05]} 0-1

[Event "Deutsche Ländermeisterschaft 2017"]
[Site "Hannover GER"]
[Date "2017.10.01"]
[Round "2"]
[White "Pfreundt, Jakob"]
[Black "Weishäutel, Moritz"]
[Result "1-0"]
[Termination "normal"]
[Board "6.1"]
[WhiteElo "2388"]
[BlackElo "2077"]
[WhiteClock "00:24:59"]
[BlackClock "00:51:04"]
[WhiteTeam "Hamburg"]
[BlackTeam "Thüringen"]
[PlyCount "39"]
[WhiteFideId "12918156"]
[BlackFideId "12967300"]
[EventCountry "GER"]
[EventRounds "7"]
[EventType "team-swiss"]
[EventDate "2017.09.29"]

1. d4 {[%clk 1:30:52]} Nf6 {[%clk 1:30:52]} 2. Nf3 {[%clk 1:30:45]} e6 {[%clk
1:31:14]} 3. c4 {[%clk 1:30:56]} b6 {[%clk 1:31:10]} 4. a3 {[%clk 1:29:50]} Bb7
{[%clk 1:31:23]} 5. Nc3 {[%clk 1:30:06]} d5 {[%clk 1:31:23]} 6. Bg5 {[%clk
1:29:59]} Be7 {[%clk 1:30:58]} 7. Qa4+ {[%clk 1:29:09]} Bc6 {[%clk 1:26:47]} 8.
Qc2 {[%clk 1:07:27]} Nbd7 {[%clk 1:23:25]} 9. cxd5 {[%clk 1:02:08]} exd5 {[%clk
1:23:05]} 10. e3 {[%clk 1:02:19]} Bb7 {[%clk 1:21:20]} 11. Bd3 {[%clk 0:58:22]}
O-O {[%clk 1:17:41]} 12. b4 {[%clk 0:36:02]} Ne4 {[%clk 1:11:51]} 13. Bxe7
{[%clk 0:34:18]} Qxe7 {[%clk 1:12:15]} 14. O-O {[%clk 0:33:38]} c5 {[%clk
1:03:26]} 15. bxc5 {[%clk 0:33:46]} bxc5 {[%clk 1:03:51]} 16. Rfb1 {[%clk
0:29:05]} Rab8 {[%clk 0:58:32]} 17. Rxb7 {[%clk 0:24:45]} Rxb7 {[%clk 0:55:33]}
18. Nxd5 {[%clk 0:25:10]} Qd6 {[%clk 0:50:41]} 19. Bxe4 {[%clk 0:25:31]} f5
{[%clk 0:51:04]} 20. Ne7+ {[%clk 0:24:59]} 1-0

[Event "Deutsche Ländermeisterschaft 2017"]
[Site "Hannover GER"]
[Date "2017.10.01"]
[Round "2"]
[White "Philipp, Mathias"]
[Black "Gremmel, Jonas Simon"]
[Result "1-0"]
[Termination "normal"]
[Board "6.2"]
[WhiteElo "2108"]
[BlackElo "1815"]
[WhiteClock "00:37:00"]
[BlackClock "00:17:58"]
[WhiteTeam "Thüringen"]
[BlackTeam "Hamburg"]
[PlyCount "101"]
[WhiteFideId "12958883"]
[BlackFideId "12983896"]
[EventCountry "GER"]
[EventRounds "7"]
[EventType "team-swiss"]
[EventDate "2017.09.29"]

1. e4 {[%clk 1:30:56]} g6 {[%clk 1:30:43]} 2. d4 {[%clk 1:31:22]} Bg7 {[%clk
1:31:08]} 3. Nf3 {[%clk 1:31:45]} d6 {[%clk 1:31:31]} 4. Be2 {[%clk 1:29:46]}
a6 {[%clk 1:30:52]} 5. a4 {[%clk 1:29:40]} b6 {[%clk 1:31:08]} 6. O-O {[%clk
1:29:27]} Bb7 {[%clk 1:31:23]} 7. Nc3 {[%clk 1:29:37]} Nd7 {[%clk 1:30:45]} 8.
h3 {[%clk 1:26:07]} e6 {[%clk 1:23:59]} 9. Be3 {[%clk 1:19:35]} Ne7 {[%clk
1:20:52]} 10. Qd2 {[%clk 1:16:59]} O-O {[%clk 1:19:43]} 11. b4 {[%clk 1:13:55]}
d5 {[%clk 1:15:56]} 12. exd5 {[%clk 1:07:47]} exd5 {[%clk 1:16:10]} 13. Bd3
{[%clk 1:06:56]} Nf6 {[%clk 1:12:11]} 14. Rab1 {[%clk 1:00:42]} Re8 {[%clk
1:03:53]} 15. Nh2 {[%clk 0:39:37]} Ne4 {[%clk 0:59:53]} 16. Nxe4 {[%clk
0:38:37]} dxe4 {[%clk 1:00:15]} 17. Be2 {[%clk 0:38:48]} Nf5 {[%clk 0:57:59]}
18. Rfd1 {[%clk 0:38:44]} Nxe3 {[%clk 0:54:10]} 19. Qxe3 {[%clk 0:39:10]} Qe7
{[%clk 0:51:22]} 20. c4 {[%clk 0:38:15]} Rad8 {[%clk 0:50:08]} 21. d5 {[%clk
0:29:48]} f5 {[%clk 0:48:05]} 22. a5 {[%clk 0:29:16]} Qf6 {[%clk 0:47:46]} 23.
axb6 {[%clk 0:27:15]} cxb6 {[%clk 0:47:09]} 24. Qb3 {[%clk 0:26:43]} Qe5 {[%clk
0:44:26]} 25. c5 {[%clk 0:26:11]} Kh8 {[%clk 0:39:55]} 26. c6 {[%clk 0:20:40]}
Bc8 {[%clk 0:38:42]} 27. b5 {[%clk 0:20:43]} a5 {[%clk 0:38:20]} 28. Qe3 {[%clk
0:20:40]} Qc7 {[%clk 0:37:24]} 29. d6 {[%clk 0:20:38]} Rxd6 {[%clk 0:37:42]}
30. Rxd6 {[%clk 0:21:05]} Qxd6 {[%clk 0:38:06]} 31. Qxb6 {[%clk 0:21:32]} Qd2
{[%clk 0:37:23]} 32. Qe3 {[%clk 0:20:59]} Qa2 {[%clk 0:32:57]} 33. Bd3 {[%clk
0:17:52]} Rd8 {[%clk 0:23:21]} 34. Qe2 {[%clk 0:17:55]} Qe6 {[%clk 0:23:00]}
35. Bc4 {[%clk 0:17:50]} Qd6 {[%clk 0:22:42]} 36. Nf1 {[%clk 0:16:55]} f4
{[%clk 0:19:35]} 37. Qa2 {[%clk 0:13:06]} Bf5 {[%clk 0:13:36]} 38. Re1 {[%clk
0:09:58]} Bd4 {[%clk 0:05:42]} 39. Qxa5 {[%clk 0:08:34]} Bxf2+ {[%clk 0:04:24]}
40. Kxf2 {[%clk 0:08:34]} Qd4+ {[%clk 0:04:48]} 41. Ne3 {[%clk 0:08:09]} fxe3+
{[%clk 0:04:11]} 42. Rxe3 {[%clk 0:07:27]} Qb2+ {[%clk 0:19:52]} 43. Be2 {[%clk
0:37:12]} Qf6 {[%clk 0:19:40]} 44. Qc3 {[%clk 0:36:50]} Rf8 {[%clk 0:18:19]}
45. Qxf6+ {[%clk 0:36:48]} Rxf6 {[%clk 0:18:44]} 46. Ke1 {[%clk 0:36:47]} Rf8
{[%clk 0:17:22]} 47. b6 {[%clk 0:36:42]} Rb8 {[%clk 0:17:27]} 48. b7 {[%clk
0:36:33]} Be6 {[%clk 0:17:30]} 49. Rxe4 {[%clk 0:36:16]} Bd5 {[%clk 0:17:53]}
50. c7 {[%clk 0:36:40]} Bxe4 {[%clk 0:17:58]} 51. cxb8=Q+ {[%clk 0:37:00]} 1-0